| 000 | 00478nam a2200193Ia 4500 | ||
|---|---|---|---|
| 003 | IIN | ||
| 005 | 20240125120203.0 | ||
| 008 | 231217s9999 xx 000 0 und d | ||
| 020 |
_cRs.525.00 _aNIL |
||
| 040 |
_aIIN _bEnglish |
||
| 082 |
_a610.730285 _bANT |
||
| 100 | 1 | _aAntara . S | |
| 245 | 1 |
_aApplied Computer for Nurses _cAntara . S |
|
| 260 |
_bAnanda Publishers _aKolkata _c2022 |
||
| 300 | _a252p. | ||
| 650 | 1 | _aComputer | |
| 650 | 1 | _aApplied Computer | |
| 942 | _cBOOK | ||
| 999 |
_c1220 _d1220 |
||